MARC details
| 000 -CABECERA |
| campo de control de longitud fija |
01006cam a2200289 a 4500 |
| 001 - NÚMERO DE CONTROL |
| campo de control |
000011900 |
| 005 - FECHA Y HORA DE LA ÚLTIMA TRANSACCIÓN |
| campo de control |
20200929162617.0 |
| 008 - DATOS DE LONGITUD FIJA--INFORMACIÓN GENERAL |
| campo de control de longitud fija |
910809s1991 nyua 001 0 spa d |
| 020 ## - NÚMERO INTERNACIONAL ESTÁNDAR DEL LIBRO |
| Número Internacional Estándar del Libro |
0070020698 |
| 035 ## - NÚMERO DE CONTROL DEL SISTEMA |
| Número de control de sistema |
(DLC) 91032511 |
| 040 ## - FUENTE DE LA CATALOGACIÓN |
| Centro catalogador/agencia de origen |
DO-SdBNP |
| Lengua de catalogación |
spa |
| Centro/agencia transcriptor |
BNPHU |
| Centro/agencia modificador |
DLC |
| 041 17 - CÓDIGO DE LENGUA |
| Código de lengua del texto/banda sonora o título independiente |
spaeng |
| 082 ## - NÚMERO DE LA CLASIFICACIÓN DECIMAL DEWEY |
| Número de clasificación |
468.2421 |
| Número de documento/Ítem |
V273d |
| 049 ## - FONDOS LOCALES (OCLC) |
| Fondos de biblioteca |
BNGR |
| 100 1# - ENTRADA PRINCIPAL--NOMBRE DE PERSONA |
| Nombre de persona |
VanPatten, Bill. |
| 9 (RLIN) |
28141 |
| 245 10 - MENCIÓN DE TÍTULO |
| Título |
Destinos : |
| Resto del título |
an introduction to spanish / |
| Mención de responsabilidad, etc. |
Bill VanPatten, Martha Alford Marks, Richard V. Teschner. |
| 260 ## - PUBLICACIÓN, DISTRIBUCIÓN, ETC. |
| Lugar de publicación, distribución, etc. |
New York : |
| Nombre del editor, distribuidor, etc. |
McGraw-Hill, |
| Fecha de publicación, distribución, etc. |
c1991. |
| 300 ## - DESCRIPCIÓN FÍSICA |
| Extensión |
xx, 558 p. : |
| Otras características físicas |
il. ; |
| Dimensiones |
25 cm. |
| 500 ## - NOTA GENERAL |
| Nota general |
Incluye índice y vocabulario español-ingles. |
| 650 #4 - PUNTO DE ACCESO ADICIONAL DE MATERIA--TÉRMINO DE MATERIA |
| Término de materia o nombre geográfico como elemento de entrada |
Español |
| Subdivisión general |
Libros de texto para extranjeros |
| -- |
Inglés |
| 9 (RLIN) |
18613 |
| 650 #4 - PUNTO DE ACCESO ADICIONAL DE MATERIA--TÉRMINO DE MATERIA |
| Término de materia o nombre geográfico como elemento de entrada |
Español |
| Subdivisión general |
Libros de texto para extranjeros |
| 9 (RLIN) |
28142 |
| 650 #4 - PUNTO DE ACCESO ADICIONAL DE MATERIA--TÉRMINO DE MATERIA |
| Término de materia o nombre geográfico como elemento de entrada |
Español |
| Subdivisión general |
Enseñanza |
| -- |
Estudiantes extranjeros |
| -- |
Inglés |
| 9 (RLIN) |
28143 |
| 700 1# - PUNTO DE ACCESO ADICIONAL--NOMBRE DE PERSONA |
| Nombre de persona |
Marks, Martha. |
| 9 (RLIN) |
28144 |
| 700 1# - PUNTO DE ACCESO ADICIONAL--NOMBRE DE PERSONA |
| Nombre de persona |
Teschner, Richard V. |
| 9 (RLIN) |
28145 |
| 910 ## - DATOS DE OPCIÓN DEL USUARIO (OCLC) |
| Datos de opción del usuario |
Catalogación derivada |
| 910 ## - DATOS DE OPCIÓN DEL USUARIO (OCLC) |
| Datos de opción del usuario |
WM |